000 01021nam a22003377a 4500
001 BR7602478
003 BR-BrBNA
005 20230928084947.0
007 ta
008 230509b bl.||||| |||| 00| 0 por d
040 _aBR-BrBNA
_bpor
_cBiblioteca Nacional de Agricultura
041 _a(Por)
072 _aE30; L73
_b4150
_b/G514
090 _ 4150 BR7602478
110 1 _aDepartamento Nacional de Producao Animal, Brasilia, DF (Brasil). Div. de Defesa Sanitaria Animal
245 1 _aProgramacao - 1976 [Plano Nacional de Combate a Febre Aftosa; Projeto de desenvolvimento; Brasil]
260 3 _aBrasilia, DF (Brasil):
_c[nd].
300 _a121 p.
500 _aNumerical data; Published after 1975
650 _aProjeto de desenvolvimento
650 _aDoenca animal
650 _aAftosa
650 _aVirus
650 _aFebre
650 _aInspecao sanitaria
650 _aInvestimento
650 _aFinanciamento
650 _aDespesa
909 _a202309
_bLucia
_c55
_dLucia Elande
942 _cBK
999 _c22118
_d22118